[Event "Masters"]
[Site "Abu Dhabi UAE"]
[Date "2005.08.20"]
[Round "6"]
[White "Goloshchapov,A"]
[Black "Chernyshov,K"]
[Result "1-0"]
[WhiteElo "2519"]
[BlackElo "2548"]

1.e4 g6 2.d4 Bg7 3.Nc3 a6 4.f4 d6 5.Be3 b5 6.Bd3 Bb7 7.Nf3 b4 8.Ne2 Nd7 9.Qd2 Rb8
10.O-O-O Ngf6 11.e5 Ng4 12.h4 e6 13.h5 Bxf3 14.gxf3 Nxe3 15.Qxe3 d5 16.hxg6 hxg6
17.Rxh8+ Bxh8 18.f5 gxf5 19.Qh6 Ke7 20.Qh4+ Nf6 21.Nf4 Kd7 22.Bxa6 Ra8 23.Nd3 Kc6
24.Nxb4+ Kb6 25.exf6 Bxf6 26.Qe1 Qd6 27.Be2 Ra4 28.a3 Qf4+ 29.Qd2 Qxd2+ 30.Rxd2 Bg5
31.c3 Bxd2+ 32.Kxd2 c5 33.Bd1 Ra7 34.dxc5+ Kxc5 35.Nd3+ Kd6 36.a4 e5 37.b4 f4
38.a5 f5 39.Be2 Rh7 40.a6 Rh1 41.b5 Ra1 42.Nb4 Kc5 43.Nd3+ Kd6 44.Nb4 Kc5
45.Nc6 Kd6 46.Nd8 Kc7 47.Ne6+ Kb6 48.Ng7 Ra2+ 49.Kd1 Ra1+ 50.Kd2 Ra2+ 51.Ke1 Ra1+
52.Kf2 Rc1 53.Nxf5 Rxc3 54.Ne7 Rc5 55.Ng6 e4 56.Nxf4 exf3 57.Kxf3 Rc3+ 58.Bd3 Kc5
59.Ke3 Ra3 60.Ne6+ Kb6 61.Kd4 Ra4+ 62.Kxd5 Rh4 63.Nd4 Rh3 64.Kc4 Rh4 65.Kc3 Rh1
66.Nf5 Kc5 67.Ng3 Ra1 68.Ne4+ Kb6 69.Nf6 Kc5 70.Nd7+ Kd6 71.Bf5 Kd5 72.b6 Ra3+
73.Kb2  1-0

[Event "2nd Dato' Arthur Tan Malaysian Open"]
[Site "Kuala Lumpur MAS"]
[Date "2005.08.20"]
[Round "1"]
[White "Aw Wai Onn"]
[Black "Mok Tze Meng"]
[Result "0-1"]
[WhiteElo "1920"]
[BlackElo "2351"]

1.d4 g6 2.e4 Bg7 3.Nc3 c5 4.Nf3 cxd4 5.Nxd4 Nc6 6.Be3 Nf6 7.f4 Qb6 8.Nf5 Qxb2
9.Nxg7+ Kf8 10.Na4 Qb4+ 11.c3 Qxe4 12.Kf2 Kxg7 13.Bd3 Ng4+ 14.Qxg4 Qxd3 15.Rac1 d6
16.Qf3 Qb5 17.Qd1 Bg4 18.Qc2 Bf5 19.Qd1 Qc4 20.Qb3 Qxb3 21.axb3 Na5 22.b4 Nc4
23.Bd4+ e5 24.fxe5 dxe5 25.Be3 b6  0-1

[Event "V Open"]
[Site "Vila de Marin ESP"]
[Date "2005.08.21"]
[Round "1"]
[White "Nanu,C"]
[Black "Fernandez Rey,J"]
[Result "0-1"]
[WhiteElo "2434"]
[BlackElo "1933"]

1.e4 g6 2.d4 Bg7 3.Nc3 d5 4.exd5 Nf6 5.Bc4 Nbd7 6.Nf3 Nb6 7.Bb3 Nbxd5 8.Nxd5 Nxd5
9.O-O O-O 10.Re1 e6 11.Bg5 Ne7 12.Qd2 b6 13.Rad1 Bb7 14.Qe2 Qd6 15.c3 Nf5
16.Bc1 Rfe8 17.Ne5 c5 18.Bf4 cxd4 19.Qg4 Qc5 20.Nd3 Qb5 21.Be5 dxc3 22.Ba4 Qd5
23.Bxg7 c2 24.Rc1 Rec8 25.Bc3 Rc4 26.Qh3 Rxa4 27.Nb4 Qd6 28.a3 a5 29.Be5 Qd2
30.Nxc2 Rc8 31.Bc3 Qg5 32.b4 Rxc3 33.Ne3 Raxa3 34.bxa5 Nxe3 35.Rxc3 Rxc3  0-1

[Event "Masters"]
[Site "Abu Dhabi UAE"]
[Date "2005.08.22"]
[Round "8"]
[White "Prasad,D"]
[Black "Chernyshov,K"]
[Result "1/2-1/2"]
[WhiteElo "2359"]
[BlackElo "2548"]

1.e4 g6 2.d4 Bg7 3.Nc3 a6 4.f4 d6 5.Be3 Nf6 6.Nf3 O-O 7.Qd2 b5 8.Bd3 Bb7
9.a3 e6 10.O-O Ng4 11.Kh1 Nxe3 12.Qxe3 Nd7 13.Ne2 c5 14.c3 Qb6 15.e5 cxd4
16.cxd4 Rae8 17.Be4 dxe5 18.fxe5 f6 19.Bxb7 Qxb7 20.Ng3 f5 21.Ne2 Nb6 22.Rac1 Qe4
23.Qf2 Bh6 24.Nc3 Qb7 25.Rc2 g5 26.Ne1 Rf7 27.Nd3 Bf8 28.b3 Nd5 29.Nc5 Bxc5
30.dxc5 Rd8 31.Qg3 h6 32.Rd2 Rfd7 33.Rfd1 Nxc3 34.Qxc3 Rxd2 35.Rxd2 Rxd2
36.Qxd2 Qe4 37.Qd8+ Kh7 38.Qe7+ Kh8 39.Qf6+ Kh7 40.h3 f4 41.Kh2 Qd3 42.Qf7+ Kh8
43.Qe8+ Kg7 44.Qe7+ Kh8 45.Qf8+ Kh7 46.Qf7+  1/2-1/2

[Event "41st Rubinstein Mem Open A"]
[Site "Polanica Zdroj POL"]
[Date "2005.08.25"]
[Round "7"]
[White "Bindrich,F"]
[Black "Mista,A"]
[Result "0-1"]
[WhiteElo "2391"]
[BlackElo "2474"]

1.e4 g6 2.d4 Bg7 3.Nc3 a6 4.f4 d5 5.e5 Nh6 6.Be2 f6 7.Nf3 Bg4 8.h3 Bxf3 9.Bxf3 e6
10.Be3 fxe5 11.dxe5 Qh4+ 12.Bf2 Qxf4 13.O-O Bxe5 14.g3 Qg5 15.h4 Qe7 16.Bxd5 exd5
17.Nxd5 Qg7 18.Bc5 Nc6 19.Nf4 Qd7  0-1

[Event "13th Open"]
[Site "Nikaia GRE"]
[Date "2005.08.26"]
[Round "5"]
[White "Aroshidze,L"]
[Black "Shahtahtinsky,A"]
[Result "1-0"]
[WhiteElo "2463"]
[BlackElo "2312"]

1.e4 g6 2.d4 Bg7 3.Nc3 Nc6 4.Be3 d6 5.Nge2 e5 6.Qd2 exd4 7.Nxd4 Nxd4 8.Bxd4 Bxd4
9.Qxd4 Qf6 10.Qd2 Ne7 11.O-O-O Be6 12.f4 O-O-O 13.Be2 h5 14.Qe3 Kb8 15.Rd4 c5
16.Rxd6 Rxd6 17.e5 Nf5 18.Qe4 Qg7 19.exd6 Nxd6 20.Qa4 Qd4 21.Rd1 Qxa4 22.Nxa4 Ne4
23.Bf3 Bf5 24.Re1 Nd6 25.Re7 b6 26.Bd5 Rf8 27.Nc3 f6 28.Ne4 Re8 29.Rxe8+ Nxe8
30.Ng3 Nd6 31.Nxf5 Nxf5 32.Bf7 Ne7 33.g3 Kc7 34.Kd2 Kd6 35.Kd3 b5 36.Be8 a6
37.a4 bxa4 38.Kc4 h4 39.gxh4 Nf5 40.Bxg6 Nxh4 41.Be4 f5 42.Bb7 Ng6 43.Bc8 Ne7
44.Bxa6 Ng6 45.Bc8 Ne7 46.Bb7 Ng6 47.Kb5 Nxf4 48.Bf3 Ne6 49.c3 Ke5 50.h4 Kf4
51.Bd1 Ke3 52.h5 Kd2 53.h6 Ng5 54.Bxa4 f4 55.Kxc5 f3 56.Bc6 f2 57.Bg2 Ne6+
58.Kd6 Nf4 59.Bf1 Ke1 60.h7 Kxf1  1-0

[Event "3rd Staunton Memorial"]
[Site "London ENG"]
[Date "2005.08.28"]
[Round "9"]
[White "Howell,D"]
[Black "Day,L"]
[Result "0-1"]
[WhiteElo "2471"]
[BlackElo "2270"]

1.e4 g6 2.d4 Bg7 3.Nc3 c5 4.dxc5 Bxc3+ 5.bxc3 Nf6 6.Qd4 Nc6 7.Qe3 Qa5 8.Bd2 b6
9.cxb6 axb6 10.Bd3 Ba6 11.f4 d6 12.Nf3 Qc5 13.O-O Nd7 14.Nd4 Na5 15.e5 Nc4
16.Bxc4 Bxc4 17.exd6 Qxd6 18.Rf3 Ra5 19.f5 Ne5 20.Rh3 h5 21.fxg6 Nxg6 22.Rb1 Re5
23.Qf2 b5 24.a4 bxa4 25.Rb4 Qa6 26.Nf3 Rd5 27.Rb6 Qa7 28.Be3 Rd1+ 29.Ne1 Qc7
30.Rb4 a3 31.Ra4 a2 32.Ra8+ Rd8 33.Ra3 O-O 34.Qf3 h4 35.Bf2 Bd5 36.Qg4 Ra8
37.Bd4 e5 38.Bf2 Rxa3 39.Rxh4 a1=Q 40.Qg5 Be6 41.Rh6 Kg7 42.Bh4 Qc5+ 43.Kh1 Qxe1+
44.Bxe1 Ra1  0-1

[Event "13th Open"]
[Site "Nikaia GRE"]
[Date "2005.08.28"]
[Round "7"]
[White "Poteas,I"]
[Black "Mastrokoukos,G"]
[Result "1-0"]
[WhiteElo "2136"]
[BlackElo "2345"]

1.d4 g6 2.e4 Bg7 3.Nc3 c5 4.d5 d6 5.Nf3 Nf6 6.Bb5+ Nfd7 7.a4 Na6 8.Be2 Nc7
9.O-O O-O 10.Bf4 f5 11.exf5 Rxf5 12.Qd2 Nb6 13.Bh6 Qf8 14.Bxg7 Kxg7 15.Bd3 Rh5
16.Be4 Bf5 17.Rfe1 Bxe4 18.Rxe4 Nbxd5 19.Nxd5 Nxd5 20.Ng5 Qf6 21.Qxd5 Rxg5
22.Qxb7 Re8 23.Rae1 Kf8 24.Re6 Qf7 25.a5 d5 26.Qxa7 d4 27.Qb7 Rf5 28.f3 c4
29.a6 d3 30.cxd3 cxd3 31.Qd7 Ra5 32.Qxd3 Qf4 33.Rxe7 Rc8 34.R7e4 Qf6 35.Qd7  1-0

[Event "BDO Challengers"]
[Site "Haarlem NED"]
[Date "2005.08.29"]
[Round "3"]
[White "In't Veld,D"]
[Black "Langedijk,A"]
[Result "1/2-1/2"]
[WhiteElo "2056"]
[BlackElo "2219"]

1.e4 g6 2.d4 Bg7 3.Nc3 d5 4.exd5 Nf6 5.Bb5+ Nbd7 6.h4 a6 7.Be2 Nb6 8.h5 gxh5
9.Bxh5 Bf5 10.Be3 Nxh5 11.Rxh5 Bg6 12.Rh1 Nxd5 13.Qf3 Nxc3 14.bxc3 c6 15.Ne2 Bxc2
16.Nf4 Qa5 17.Bd2 Qf5 18.Nh5 Bf8 19.Bf4 Qe4+ 20.Qxe4 Bxe4 21.f3 Bd5 22.Kf2 O-O-O
23.g4 f6 24.a4 Bf7 25.Rab1 Bg6 26.Rb6 e5 27.Be3 Be7 28.f4 Be4 29.Re1 Rhg8
30.Bc1 f5 31.gxf5 Bh4+ 32.Ke3 exd4+ 33.cxd4 Bxe1 34.Kxe4 Rge8+ 35.Kf3 Rxd4
36.f6 Rf8 37.Bb2 Rd5 38.Kg4 Ba5 39.Rb3 Bd8 40.f5 h6 41.Re3 Kd7 42.Re6 Rf7
43.Nf4 Rd6 44.Be5 Rd1 45.Kh5 Bxf6 46.Bxf6 Rf1 47.Kg4 b5 48.axb5 axb5 49.Ng6 Rg1+
50.Kh5 Rh1+ 51.Kg4 Rg1+ 52.Kh5  1/2-1/2

[Event "FSIMB September"]
[Site "Budapest HUN"]
[Date "2005.09.08"]
[Round "6"]
[White "Brustkern,J"]
[Black "Pirisi,G"]
[Result "1/2-1/2"]
[WhiteElo "2250"]
[BlackElo "2294"]

1.e4 g6 2.d4 Bg7 3.Nc3 a6 4.Be3 b6 5.Qd2 Bb7 6.f4 Nf6 7.Bd3 Ng4 8.Nf3 Nxe3
9.Qxe3 d6 10.O-O c5 11.d5 O-O 12.a4 Nd7 13.Rad1 Qc7 14.Bc4 Kh8 15.Kh1 Rae8
16.Qd3 Ra8 17.e5 dxe5 18.f5 Nf6 19.Ng5 Bh6 20.fxg6 Bxg5 21.g7+ Kxg7 22.Qg3 Qd6
23.Qxg5+ Kh8 24.Rde1 Nxd5 25.Nxd5 Bxd5 26.Bxd5 Qxd5 27.Rxe5  1/2-1/2

[Event "Geller mem Open A"]
[Site "Odessa UKR"]
[Date "2005.09.15"]
[Round "1"]
[White "Gasanov,E"]
[Black "Berdiugina,E"]
[Result "1-0"]
[WhiteElo "2427"]
[BlackElo "2118"]

1.d4 g6 2.e4 Bg7 3.Nc3 d5 4.exd5 Nf6 5.Bb5+ Nbd7 6.Bg5 O-O 7.Qf3 Nb6 8.Bxf6 Bxf6
9.Nge2 Bf5 10.O-O-O a6 11.Bd3 Bxd3 12.Rxd3 Qd7 13.h4 Rad8 14.Nf4 Bg7 15.h5 Bh6
16.hxg6 Bxf4+ 17.Qxf4 fxg6 18.Qh2 Rf7 19.Rh3 h5 20.Rg3 Rg7 21.Rg5 Nc4 22.g4 Qd6
23.gxh5 Qxh2 24.Rxh2 gxh5 25.Rxg7+ Kxg7 26.Rxh5 Kg6 27.Rh1 Nb6 28.Re1 Kf6
29.Re5 Nc4 30.Ne4+ Kf7 31.Rf5+ Kg6 32.Rg5+ Kh6 33.b3 Nb6 34.c4 Nd7 35.Kd2 b5
36.f4 Rf8 37.f5 Nf6 38.Rg6+ Kh5 39.Nxf6+ exf6 40.Kc3  1-0

[Event "It"]
[Site "Klaksvik FAI"]
[Date "2005.09.21"]
[Round "7"]
[White "Gullaksen,E"]
[Black "Fries Nielsen,JO"]
[Result "1-0"]
[WhiteElo "2382"]
[BlackElo "2381"]

1.e4 g6 2.d4 Bg7 3.Nc3 Nc6 4.d5 Nd4 5.Nb1 c6 6.c3 Nb5 7.Bxb5 cxb5 8.Be3 d6
9.Bd4 Nf6 10.Nf3 O-O 11.Nbd2 e5 12.dxe6 Bxe6 13.O-O a6 14.Re1 Re8 15.h3 Rc8
16.Nf1 Qc7 17.Ng3 Rcd8 18.Ng5 h6 19.Nxe6 Rxe6 20.f4 Ree8 21.a4 Qc6 22.axb5 Qxb5
23.f5 Nd7 24.b4 Be5 25.fxg6 fxg6 26.Qg4 Nf8 27.Rad1 Qd7 28.Nf5 Qh7 29.Bxe5 dxe5
30.Ne3 Rxd1 31.Rxd1 h5 32.Qg3 Qg7 33.Rd6 Re6 34.Rd8 Qf6 35.Rb8 Qf7 36.Nd5 Kg7
37.Rc8 Nd7 38.Rc7 b5 39.Qg5 Re8 40.Qe3 Re6 41.Qa7 Rd6 42.Qa8 Qf8 43.Qb7 Qf7
44.Qc8 Qe6 45.Qd8 Qf7 46.h4  1-0

[Event "Wch-Seniors"]
[Site "Lignano Sabbiadoro ITA"]
[Date "2005.09.30"]
[Round "3"]
[White "Wagner,Ca"]
[Black "Ivanets,V RUS"]
[Result "0-1"]
[WhiteElo "2189"]
[BlackElo "2290"]

1.e4 g6 2.d4 Bg7 3.Nc3 a6 4.a4 d6 5.Be3 Nd7 6.Qd2 c5 7.Nf3 cxd4 8.Nxd4 Ne5
9.h3 Bd7 10.f4 Nc6 11.Be2 Nf6 12.O-O O-O 13.g4 Nxd4 14.Bxd4 Bc6 15.Bf3 e5
16.Be3 exf4 17.Bxf4 Re8 18.Qd3 Nd7 19.Bxd6 Qb6+ 20.Kh1 Qxb2 21.Nd5 Ne5 22.Bxe5 Qxe5
23.Ra2 Rad8 24.c4 Bf8 25.a5 Bc5 26.Rg2 Kg7 27.Qc2 f6 28.Rd1 Qg5 29.Re2 Bd6
30.Bg2 h5 31.gxh5 Qxh5 32.Qc3 Bxd5 33.Red2 Bf4 34.Rxd5 Qxd1+ 35.Rxd1 Rxd1+
36.Bf1 Rxf1+ 37.Kg2 Rc1 38.Qb3 Re7 39.Qa3 Rc7 40.e5 Rc2+  0-1

[Event "FSIMA October"]
[Site "Budapest HUN"]
[Date "2005.10.03"]
[Round "3"]
[White "Vass,V"]
[Black "Pirisi,G"]
[Result "1/2-1/2"]
[WhiteElo "2193"]
[BlackElo "2294"]

1.e4 g6 2.d4 Bg7 3.Nc3 a6 4.a4 b6 5.Be3 Bb7 6.h3 d6 7.Nf3 Nd7 8.Bc4 e6 9.O-O Ngf6
10.Qd3 O-O 11.Bb3 h6 12.Rad1 d5 13.exd5 Nxd5 14.Nxd5 Bxd5 15.Bxd5 exd5 16.Rfe1  1/2-1/2

[Event "Open A"]
[Site "Hamburg GER"]
[Date "2005.10.03"]
[Round "3"]
[White "Beisser,J"]
[Black "Schulz,M1"]
[Result "0-1"]
[WhiteElo "2066"]
[BlackElo "2235"]

1.d4 g6 2.e4 Bg7 3.Nc3 c5 4.Nf3 cxd4 5.Nxd4 Nc6 6.Nb3 a5 7.a4 Nf6 8.Be2 O-O
9.O-O Nb4 10.Bf3 d6 11.Bg5 h6 12.Be3 Kh7 13.Qd2 Bg4 14.Bxg4 Nxg4 15.Bf4 Rc8
16.Rac1 Ne5 17.Bxe5 Bxe5 18.Nd4 d5 19.exd5 Nxd5 20.Nce2 e6 21.c3 Qc7 22.Nf3 Bg7
23.Ned4 Rfd8 24.Qc2 Nf4 25.Qe4 f5 26.Qe3 e5 27.Nb5 Qc5 28.Qxc5 Rxc5 29.Rcd1 Rcd5
30.Rxd5 Rxd5 31.g3 Ne2+ 32.Kg2 e4 33.Nfd4 Nxd4 34.Nxd4 Bxd4 35.cxd4 Rxd4
36.Rc1 Rb4 37.Rc5 Rxb2 38.Rxa5 e3 39.Kf3 exf2 40.Kg2 Kg7 41.Rd5 Kf6 42.Rd6+ Kg5
43.Rd5 f1=Q+ 44.Kxf1 Rxh2 45.Rb5 Ra2 46.Rxb7 Rxa4 47.Kg2 Kg4 48.Rb6 Ra2+
49.Kf1 g5 50.Rxh6 Kxg3 51.Rb6 f4 52.Rb5 Ra1+ 53.Ke2 f3+ 54.Ke3 Re1+ 55.Kd2 f2  0-1

[Event "Open A"]
[Site "Hamburg GER"]
[Date "2005.10.04"]
[Round "4"]
[White "Heinemann,T"]
[Black "Mack,W"]
[Result "1-0"]
[WhiteElo "2441"]
[BlackElo "2224"]

1.e4 g6 2.d4 Bg7 3.Nc3 a6 4.Be3 d6 5.Qd2 b5 6.f3 Nd7 7.Nge2 c5 8.dxc5 Nxc5
9.Bd4 Nf6 10.Nd5 e5 11.Nxf6+ Bxf6 12.Be3 Be6 13.Rd1 O-O 14.Qxd6 Qxd6 15.Rxd6 Rfc8
16.b3 Be7 17.Rd2 f5 18.exf5 gxf5 19.g3 h5 20.Bg2 Rd8 21.Kf2 Rxd2 22.Bxd2 h4
23.Bc3 Nd7 24.Ke1 Rc8 25.Kd1 Kf7 26.Be1 Rh8 27.gxh4 f4 28.Nc3 Nf6 29.Bf1 b4
30.Nb1 Nd5 31.Bd3 Bxh4 32.Bxh4 Rxh4 33.Bxa6 Ne3+ 34.Kc1 Bh3 35.Nd2 Bg2 36.Re1 Rxh2
37.Bd3 Ke6 38.Kb2 Kd6 39.a3 bxa3+ 40.Kxa3 Bh3 41.Ne4+ Kd5 42.Kb2 Bf5 43.Kc3 Rh3
44.Nd2 Bxd3 45.Kxd3 Ke6 46.b4 Kd7 47.c4 Rh2 48.Ra1 Rf2 49.b5 Nxc4 50.Nxc4 Rxf3+
51.Kc2 Rf2+ 52.Kc3 e4 53.b6 e3 54.b7 Kc7 55.Rb1  1-0

[Event "Femida"]
[Site "Kharkiv UKR"]
[Date "2005.10.23"]
[Round "8"]
[White "Khakimov,T"]
[Black "Kovchan,A"]
[Result "0-1"]
[WhiteElo "2282"]
[BlackElo "2504"]

1.d4 g6 2.e4 Bg7 3.Nc3 d5 4.Nxd5 c6 5.Ne3 Qxd4 6.Qxd4 Bxd4 7.Nf3 Bg7 8.Bc4 Nd7
9.a4 Nc5 10.e5 Nd7 11.e6 fxe6 12.Bxe6 Ne5 13.Ng5 Bh6 14.Bxc8 Rxc8 15.Ne4 Nf6
16.Nxf6+ exf6 17.Bd2 O-O 18.O-O-O Rfe8 19.h3 Rcd8 20.Nf1 Rxd2 21.Nxd2 Nc4
22.g3 Bxd2+ 23.Rxd2 Nxd2 24.Kxd2 Re4 25.b3 Kf7 26.Re1 Rxe1 27.Kxe1 Ke6 28.Ke2 Kd5
29.Kd3 Kc5 30.c3 a5 31.Kd2 b5 32.Kd3 bxa4 33.bxa4 h6 34.f3 g5 35.Ke4 Kc4
36.Kf5 Kxc3 37.Kxf6 Kb3 38.f4 gxf4 39.gxf4 c5 40.f5 c4 41.Kg7 c3 42.f6 c2
43.f7 c1=Q 44.f8=Q Qc3+ 45.Kxh6 Qxh3+ 46.Kg5 Qg3+ 47.Kh5 Qe5+ 48.Kg4 Qe4+
49.Kg3 Kxa4 50.Kf2 Kb3 51.Qg8+ Qc4 52.Qg3+ Qc3 53.Qg8+ Kb2 54.Ke2 a4 55.Qb8+ Kc2
56.Qe8 Qc4+ 57.Ke1 a3 58.Qg6+ Kc1 59.Qh6+ Kb1 60.Qb6+ Kc2 61.Qg6+ Qd3 62.Qg2+ Kc3
63.Qg7+ Qd4 64.Qg3+ Kb2 65.Qb8+ Kc2 66.Qh2+ Kb3 67.Qh7 a2 68.Qg8+ Qc4  0-1

[Event "Essent Open"]
[Site "Hoogeveen NED"]
[Date "2005.10.24"]
[Round "4"]
[White "Wells,P"]
[Black "Dougherty,M"]
[Result "1-0"]
[WhiteElo "2513"]
[BlackElo "2212"]

1.d4 g6 2.e4 Bg7 3.Nc3 c5 4.dxc5 Qa5 5.Bd2 Qxc5 6.Nd5 b6 7.Bb4 Qc6 8.Bb5 Qb7
9.Nf3 Nc6 10.Bc3 f6 11.a4 Qb8 12.O-O e6 13.Re1 a6 14.Bc4 Ra7 15.Qd2 Ne5 16.Nxe5 fxe5
17.Nb4 Nh6 18.Rad1 Nf7 19.Nxa6 Bxa6 20.Bxa6 Rxa6 21.Qxd7+ Kf8 22.Bb4+ Kg8
23.Qxe6 Ra7 24.Be7 Bf8 25.Bf6 Bd6 26.Re3 h6 27.Rc3 Kh7 28.Bxh8 Re7 29.Qf6  1-0

[Event "Femida w"]
[Site "Kharkiv UKR"]
[Date "2005.10.25"]
[Round "10"]
[White "Karlovich,A"]
[Black "Vozovic,O"]
[Result "0-1"]
[WhiteElo "2277"]
[BlackElo "2327"]

1.e4 g6 2.d4 Bg7 3.Nc3 a6 4.a4 d6 5.g3 Nc6 6.Be3 e5 7.dxe5 Nxe5 8.h3 Ne7
9.f4 N5c6 10.Nge2 f5 11.exf5 Bxf5 12.Bg2 Qd7 13.Qd2 O-O 14.g4 Be6 15.O-O Kh8
16.Nd4 Bg8 17.Rad1 Rae8 18.b3 Nd8 19.Nde2 Nec6 20.Ng3 Be6 21.Nce4 b6 22.Ng5 Bg8
23.Nf3 a5 24.Kh2 Nb4 25.Bd4 Ne6 26.Bxg7+ Nxg7 27.Ne5 Qe6 28.Nc6 Nxc6 29.Bxc6 Re7
30.Rde1 Qf7 31.Rxe7 Qxe7 32.Qd4 Qf6 33.Qxf6 Rxf6 34.Ne4 Rf8 35.Kg3 Ne6 36.Bb5 Nd4
37.Bd3 Kg7 38.Nc3 c6 39.Re1 Kf7 40.Re4 Ne6 41.Re1 d5 42.f5 gxf5 43.Bxf5 Ke7
44.Ne2 Kd6 45.Nf4 Nd4 46.Bd3 c5 47.h4 b5 48.axb5 c4 49.bxc4 dxc4 50.Be4 Kc5
51.Rd1 Re8 52.Bg2 Nxc2 53.Rc1 Nd4 54.b6 Kxb6 55.g5 a4 56.h5 Kc5 57.g6 hxg6
58.hxg6 a3 59.Bf1 Kb4 60.g7 a2 61.Nh5 Nb3 62.Rd1 a1=Q  0-1

[Event "SCG First League w"]
[Site "Vrnjacka Banja SCG"]
[Date "2005.10.26"]
[Round "10"]
[White "Peptan,C"]
[Black "Voiska,M"]
[Result "1/2-1/2"]
[WhiteElo "2404"]
[BlackElo "2309"]

1.e4 g6 2.d4 Bg7 3.Nc3 d5 4.exd5 Nf6 5.Bb5+ Nbd7 6.Nge2 O-O 7.Bxd7 Qxd7 8.Nf4 b5
9.a3 Bb7 10.Qe2 a6 11.O-O Nxd5 12.Ncxd5 Bxd5 13.Nxd5 Qxd5 14.c3 c5 15.dxc5 Qxc5
16.Re1 Rfd8 17.Be3 Qf5 18.Rad1 e5 19.h3 h5 20.c4 e4 21.Rc1 bxc4 22.Rxc4 Qd5
23.b4 Rac8 24.Rxc8 Rxc8 25.Bc5 Qd3 26.Qxe4 Qxa3 27.Qb7 Rd8 28.Qc6 Qa2 29.h4 Qc4
30.g3 Qb5 31.Qc7 Re8  1/2-1/2

[Event "British Rapidplay"]
[Site "Halifax ENG"]
[Date "2005.11.13"]
[Round "8"]
[White "Mannion,S"]
[Black "Storey,Ch"]
[Result "1-0"]
[WhiteElo "2331"]
[BlackElo "2218"]

1.e4 g6 2.d4 Bg7 3.Nc3 c5 4.dxc5 Bxc3+ 5.bxc3 Qa5 6.Qd4 Nf6 7.Bd2 Nc6 8.Qe3 Qa3
9.Bc4 Ng4 10.Qe2 Nge5 11.Bb3 b6 12.cxb6 axb6 13.f4 Ba6 14.Qf2 Qb2 15.Rd1 Nc4
16.Nf3 O-O 17.Qh4 f6 18.Kf2 e6 19.Bc1 Qxc3 20.Rxd7 h5 21.Qg3 g5 22.Qh3 Rae8
23.Qxh5 Ne7 24.h4 gxf4 25.Bxf4 Qa5 26.Qxa5 bxa5 27.Ra7 Bb5 28.a4 Bxa4 29.Bxa4 Nc8
30.Rc7 N8b6 31.Bxe8 Rxe8 32.Rh3 e5 33.Rg3+ Kh8 34.Bh6 Nd6 35.Rgg7 Nxe4+ 36.Kg1  1-0

[Event "5th Amplico AIG Life"]
[Site "Warsaw POL"]
[Date "2005.12.17"]
[Round "4"]
[White "Gashimov,V"]
[Black "Kopczynski,M"]
[Result "1-0"]
[WhiteElo "2608"]
[BlackElo "2190"]

1.e4 c5 2.Nc3 g6 3.d4 Bg7 4.dxc5 Qa5 5.Bd2 Qxc5 6.Nd5 Na6 7.Bxa6 bxa6 8.Bb4 Qc4
9.Qe2 Qxe2+ 10.Nxe2 Rb8 11.O-O Bb7 12.Bc3 Bxc3 13.Nexc3 e6 14.Ne3 Nf6 15.f3 d6
16.Rfd1 Ke7 17.Rd3 Rhd8 18.Rad1 Ba8 19.b3 Rbc8 20.Kf2 Rc5 21.Na4 Rc7 22.c4 Rcd7
23.h4 Nh5 24.Re1 Kf8 25.g4 Nf4 26.Rd2 h6 27.Ng2 Nxg2 28.Kxg2 Ke7 29.Kg3 h5
30.g5 f6 31.gxf6+ Kxf6 32.f4 Bc6 33.Nc3 d5 34.cxd5 exd5 35.e5+ Ke6 36.Rd4 a5
37.Red1 Rb8 38.Ne2 Bb5 39.Nc3 Bc6 40.R4d2 d4 41.Rxd4 Rbd8 42.Ne2 Bb7 43.f5+ gxf5
44.Nf4+ Ke7 45.Rxd7+ Rxd7 46.Rxd7+ Kxd7 47.Nxh5 Be4 48.Nf6+ Ke6 49.Nxe4 fxe4
50.Kf4 e3 51.Kxe3 Kxe5 52.a4 a6 53.Kd3 Kd5 54.h5 Ke6 55.Kc4  1-0

[Event "5th Amplico AIG Life"]
[Site "Warsaw POL"]
[Date "2005.12.18"]
[Round "11"]
[White "Stefansson,H"]
[Black "Kuzmicz,K"]
[Result "1-0"]
[WhiteElo "2585"]
[BlackElo "2352"]

1.d4 g6 2.e4 Bg7 3.Nc3 c5 4.Be3 Qa5 5.Nf3 Nf6 6.Qd2 cxd4 7.Nxd4 Nc6 8.Nb3 Qc7
9.O-O-O O-O 10.h4 a5 11.a3 Ne5 12.h5 Nc4 13.Bxc4 Qxc4 14.hxg6 fxg6 15.Bh6 d6
16.Bxg7 Kxg7 17.Qh6+ Kg8 18.Nd5 Rf7 19.Nxf6+ exf6 20.Rxd6 Be6 21.Rhd1 Rff8
22.Nd4 Rae8 23.Nxe6 Rf7 24.Kb1 Qxe4 25.Nc5 Qxg2 26.Rd7 Qg4 27.R1d4 Qg1+ 28.Ka2  1-0

[Event "8th Hilton Schachfestival"]
[Site "Basel SUI"]
[Date "2006.01.02"]
[Round "2"]
[White "Vajda,L"]
[Black "Peredy,F"]
[Result "1-0"]
[WhiteElo "2526"]
[BlackElo "2343"]

1.e4 g6 2.d4 Bg7 3.Nc3 c5 4.dxc5 Qa5 5.Bd2 Qxc5 6.Nd5 b6 7.Nf3 Ba6 8.Bxa6 Nxa6
9.O-O Rc8 10.c4 Qc6 11.b4 Qb7 12.Rc1 Nc7 13.Qa4 Nf6 14.Rfe1 Ncxd5 15.exd5 O-O
16.Rxe7 Rxc4 17.Rxc4 b5 18.Rc7 Qxc7 19.Qxb5 Rb8 20.Qd3 Bf8 21.d6 Qb6 22.Re1 Qxd6
23.Qc4 Qc6 24.Qd4 Qb6 25.Qh4 Bg7 26.Bf4 Rc8 27.Be5 h6 28.Bd4 Qa6 29.b5 g5
30.bxa6 gxh4 31.Nxh4 Rc6 32.Nf5 Rxa6 33.Re3 Kh7 34.Re7 Bh8 35.h3 Rxa2 36.g4 Kg6
37.Nh4+ Kg7 38.Rxd7 a5 39.Rd6  1-0

[Event "Xstrata ch-AUS 2006"]
[Site "Brisbane AUS"]
[Date "2006.01.05"]
[Round "8"]
[White "Song,R"]
[Black "Wohl,A"]
[Result "0-1"]
[WhiteElo "2051"]
[BlackElo "2439"]

1.e4 g6 2.d4 Bg7 3.Nc3 a6 4.f4 d5 5.e5 Nh6 6.Be3 O-O 7.Nf3 f6 8.Qd2 Bg4 9.O-O-O Bxf3
10.gxf3 Nf5 11.Bd3 fxe5 12.fxe5 e6 13.Bxf5 Rxf5 14.h4 Nd7 15.h5 Rxh5 16.Rxh5 gxh5
17.Ne2 Qf8 18.Nf4 Qf7 19.Rh1 c5 20.Rxh5 cxd4 21.Qxd4 Rc8 22.b3 Nxe5 23.Qb6 Nc6
24.Rg5 Kh8 25.Nh5 Rg8 26.Bd2 Bd4  0-1

[Event "4th Parsvnath Open"]
[Site "New Delhi IND"]
[Date "2006.01.17"]
[Round "4"]
[White "Gopal,G"]
[Black "Chernyshov,K"]
[Result "0-1"]
[WhiteElo "2353"]
[BlackElo "2539"]

1.e4 g6 2.d4 Bg7 3.Nc3 a6 4.h4 d5 5.Nxd5 c6 6.Ne3 Qxd4 7.Qxd4 Bxd4 8.h5 Nd7
9.f4 Ndf6 10.hxg6 fxg6 11.Bd3 Ng4 12.Nxg4 Bxg4 13.e5 Kf7 14.Ne2 Bb6 15.Ng3 Kg7
16.Ne4 h5 17.Bd2 Nh6 18.Bb4 Nf5 19.Bc5 Bxc5 20.Nxc5 Ne3 21.g3 b6 22.Ne4 Rhd8
23.Kf2 Nd5 24.a3 Nc7 25.Ng5 Rd5 26.Rh4 Rf8 27.Ke3 Bf5 28.Bxf5 Rxf5 29.g4 Rxg5
30.fxg5 Rxe5+ 31.Kf4 Rxg5 32.Re1 Kf6 33.gxh5 gxh5 34.Kf3 e5 35.Reh1 Kg6 36.Rc4 Rf5+
37.Ke2 Rf6 38.Re4 Re6 39.c4 Ne8 40.c5 b5 41.Rg1+ Kf5 42.Rh4 Rh6 43.Rf1+ Ke6
44.Rd1 Ke7 45.Re4 Re6 46.Rh4 Nf6 47.Rf1 a5 48.b4 axb4 49.axb4 e4 50.Rf5 e3
51.Rf3 Nd5 52.Rxh5 Nc3+ 53.Ke1 Re4 54.Rh7+ Ke6 55.Rh6+ Kd5 56.Rd6+ Kc4 57.Rxc6 Nd5
58.Rd6 Nxb4 59.c6 Nc2+ 60.Ke2 Nd4+ 61.Rxd4+ Kxd4 62.c7 Re8 63.Rf7 Rc8 64.Rd7+ Kc3
65.Kxe3 b4 66.Rd1 Kc2 67.Rd4 Kb3 68.Rd7 Ka3 69.Rd3+ Ka4 70.Rd7 b3 71.Rd4+ Ka3
72.Kd2 b2 73.Rd3+ Ka2 74.Rd8 Rxc7 75.Ra8+ Kb1 76.Kd1 Rd7+ 77.Ke2 Rd5 78.Ra7 Kc2
79.Rc7+ Kb3 80.Rb7+ Kc3 81.Ke3 Re5+ 82.Kf2 Re4  0-1

[Event "Classic"]
[Site "Queenstown NZL"]
[Date "2006.01.17"]
[Round "3"]
[White "Ker,A"]
[Black "Bennett,H"]
[Result "1/2-1/2"]
[WhiteElo "2330"]
[BlackElo "2077"]

1.e4 g6 2.d4 Bg7 3.Nc3 d5 4.exd5 Nf6 5.Bc4 Nbd7 6.Nf3 Nb6 7.Bb3 a5 8.a3 a4
9.Ba2 Nbxd5 10.Nxd5 Nxd5 11.c4 Nf6 12.O-O Bg4 13.h3 Bxf3 14.Qxf3 c6 15.d5 cxd5
16.cxd5 O-O 17.Bd2 Ne8 18.Bc3 Nd6 19.Rfe1 Qd7 20.Re2 Rfe8 21.Rc1 Rac8 22.Rec2 Bh6
23.Re1 Bg7 24.Qd3 Qf5 25.Qxf5 Nxf5 26.Rec1 Bh6 27.Rd1 Bg7 28.Rdc1 Bh6 29.Rd1 Bg7
30.Rdc1  1/2-1/2

[Event "2nd Bundesliga West 2005-6"]
[Site "Austria AUT"]
[Date "2006.01.20"]
[Round "6"]
[White "Bensch,P"]
[Black "Deglmann,L"]
[Result "1/2-1/2"]
[WhiteElo "2279"]
[BlackElo "2363"]

1.e4 g6 2.d4 Bg7 3.Nc3 d5 4.exd5 Nf6 5.Bc4 Nbd7 6.Bg5 O-O 7.Bb3 Nb6 8.Bxf6 exf6
9.Nge2 Re8 10.O-O Bg4 11.Re1 Nc8 12.h3 Bd7 13.Nf4 Rxe1+ 14.Qxe1 Nd6 15.Ne6 fxe6
16.dxe6 Kh8 17.exd7 Qxd7 18.Qe6 Qxe6 19.Bxe6 f5 20.Rd1 c6 21.Kf1 Rd8 22.Bb3 Bh6
23.Re1 Re8 24.Rxe8+ Nxe8 25.Na4 Kg7 26.Nc5 Nd6 27.Ke2 Bc1 28.Nd3 Bg5 29.d5 cxd5
30.Bxd5 b6 31.c4 Ne8 32.b4 Nc7 33.Ne5 Bf4 34.Nc6 Bd6 35.b5 a5 36.Bf3 Kf6
37.Nb8 Ke7 38.Nc6+ Kf6 39.Kd3 Bc5 40.Ke2 Ne6 41.Bd5  1/2-1/2

[Event "Classic"]
[Site "Queenstown NZL"]
[Date "2006.01.24"]
[Round "10"]
[White "Ly,M"]
[Black "Wohl,A"]
[Result "0-1"]
[WhiteElo "2162"]
[BlackElo "2439"]

1.e4 g6 2.d4 Bg7 3.Nc3 a6 4.Be3 d6 5.h4 Nf6 6.f3 h5 7.Nh3 Bxh3 8.Rxh3 Nbd7
9.Qd2 b5 10.a4 c6 11.Be2 O-O 12.Nd1 e5 13.dxe5 dxe5 14.c4 bxa4 15.Rxa4 Qb8
16.c5 Rd8 17.Qc3 Qb7 18.Qa3 Nb8 19.Nc3 Ne8 20.Rb4 Qe7 21.Na4 Bf6 22.Nb6 Ra7
23.g3 Nc7 24.Kf2 Nb5 25.Qa2 Nd4 26.Qc4 Rb7 27.Rh1 a5 28.Ra4 Nd7 29.Nxd7 Qxd7
30.Rb1 Rdb8 31.b4 Rb5 32.Qc3 Qh3 33.Bf1 Qh2+  0-1

[Event "GM"]
[Site "Marianske Lazne CZE"]
[Date "2006.01.25"]
[Round "6"]
[White "Neelotpal,D"]
[Black "Popchev,M"]
[Result "0-1"]
[WhiteElo "2512"]
[BlackElo "2432"]

1.e4 g6 2.d4 Bg7 3.Nc3 Nc6 4.Be3 d5 5.exd5 Nb4 6.Bc4 Nf6 7.Nf3 Nbxd5 8.Nxd5 Nxd5
9.Bg5 Qd6 10.O-O Be6 11.Bb3 O-O 12.Qd2 c6 13.Rfe1 f6 14.Bh6 Bf7 15.Bxg7 Kxg7
16.Re4 Rae8 17.Rae1 g5 18.c4 Nc7 19.c5 Qd7 20.Nxg5 Bxb3 21.axb3 fxg5 22.Qxg5+ Kh8
23.Rg4 e5 24.Rxe5 Nd5 25.Rge4 Qf7 26.Qd2 Rd8 27.h4 Rg8 28.g3 Qf3 29.Qe2 Rdf8
30.b4 a6 31.h5 Rf6 32.Re6 Qxe2 33.Rxe2 Kg7 34.R6e5 Kf7 35.R2e4 h6 36.Kg2 Rd8
37.g4 Rd7 38.Kg3 Nxb4 39.f4 Nd3 40.f5 Nxb2 41.Re8 Kg7 42.R4e6 a5 43.Rb8 Rxe6
44.fxe6 Re7 45.d5 cxd5 46.c6 bxc6 47.Rxb2 Rxe6 48.Ra2 Kf6 49.Rxa5 Re3+ 50.Kf4 Re4+
51.Kf3 Kg5 52.Ra6 Rc4  0-1